| 000 | 00922nam a22002537a 4500 | ||
|---|---|---|---|
| 999 |
_c4620 _d4620 |
||
| 003 | AR-CdUCM | ||
| 008 | 190311b ||||| |||| 00| 0 spa d | ||
| 040 |
_aMUNICIPALIDAD PROVINCIAL DEL CUSCO _cBIBLIOTECA MUNICIPAL DEL CUSCO |
||
| 082 |
_22 ed. (corregida) _a461 / _bT69 |
||
| 100 |
_aTorres, Federico _914409 |
||
| 245 |
_aOrtografía activa : _bCon las nuevas normas de prosodia y ortografía declaradas por la real academia Española de aplicación preceptiva desde 1° de enero de 1959 / |
||
| 260 |
_aMadrid : _bYagues, _c1959. |
||
| 300 |
_a217 paginas ; _c20 cm. |
||
| 440 |
_aManuales practicos _914410 |
||
| 500 | _aDonación familia Nieto | ||
| 505 | _aContenido :Lengua española y ortografía / | ||
| 650 |
_aLengua españoal _914411 |
||
| 650 |
_aIdioma _93027 |
||
| 650 |
_aGramatica _99175 |
||
| 650 |
_aOrtografia _92067 |
||
| 700 |
_aEnrique Angulo _914412 |
||
| 942 |
_2ddc _cLIBROS |
||
| 945 | _arjall | ||